MARC

LEADER 00000nam0a2200000 4500
001 303967
005 20260415173634.0
035 |a (RuTPU)RU\TPU\book\329202 
090 |a 303967 
100 |a 20150908d1972 km y0rusy50 ca 
101 0 |a rus 
102 |a RU 
105 |a y z 000zy 
200 1 |a В. И. Ленин об экономических проблемах научно-технического прогресса в СССР  |e [сборник]  |f под ред. С. С. Ильина 
210 |a Москва  |c Изд-во Московского ун-та  |d 1972 
215 |a 295 с. 
606 1 |a Технический прогресс  |y СССР  |y Россия  |2 stltpush  |3 (RuTPU)RU\TPU\subj\60126  |9 77615 
606 |a Ленин В. И.  |x Жизнь и деятельность после Октябрьской революции  |7 ca  |8 rus  |2 stltpush  |3 (RuTPU)RU\TPU\subj\72442  |9 85958 
610 1 |a экономическая политика 
610 1 |a экономическое развитие 
610 1 |a критерии 
610 1 |a показатели 
610 1 |a электрификация 
610 1 |a материально-техническая база 
610 1 |a наука 
610 1 |a техника 
610 1 |a человек 
610 1 |a производительность труда 
610 1 |a сотрудничество 
675 |a 62.001.7(47+57)  |v 4 
686 |a У9(2)0-551  |v LBC/SL-A  |2 rubbk 
686 |a Т3(2)6-8Ленин351  |v LBC/SL-A  |2 rubbk 
702 1 |a Ильин  |b С. С.  |4 340 
801 1 |a RU  |b 63413507  |c 20150908 
801 2 |a RU  |b 63413507  |c 20150914  |g RCR 
942 |c BK